书目信息 |
| 题名: |
实现四化宏伟目标的行动纲领
|
|
| 作者: | 袁木 著 | |
| 分册: | ||
| 出版信息: | 北京 北京出版社 1983 |
|
| 页数: | 141页 | |
| 开本: | 19cm | |
| 丛书名: | ||
| 单 册: | ||
| 中图分类: | F123.36 | |
| 科图分类: | ||
| 主题词: | 五年计划,第六个--中国--1981~1985--学习参考资料 | |
| 电子资源: | ||
| ISBN: | ||
| 000 | 00866nam0 2200253 45 | |
| 001 | 0183002659 | |
| 005 | 20040427084406.1 | |
| 010 | @dCNY0.33 | |
| 091 | @a3071.365 | |
| 100 | @a19950512d1983 em y0chiy0121 ea | |
| 101 | 0 | @achi |
| 102 | @aCN@b110000 | |
| 105 | @ay z 000yy | |
| 106 | @ar | |
| 200 | 10 | @a实现四化宏伟目标的行动纲领@Ashi xian si hua hong wei mu biao de xing dong gang ling@e学习赵紫阳总理《关天第六个五年计划的报告》@f袁木著 |
| 210 | @a北京@c北京出版社@d1983 | |
| 215 | @a141页@d19cm | |
| 517 | 1 | @a学习赵紫阳总理关天第六个五年计划的报告@Axue xi zhao zi yang zong li guan tian di liu ge wu nian jihua de bao gao |
| 606 | @a五年计划,第六个@y中国@z1981~1985@x学习参考资料 | |
| 690 | @aF123.36@v3 | |
| 701 | 0 | @a袁木@Ayuan mu@4著 |
| 801 | 0 | @aCN@b上海图书馆@c20040427 |
| 801 | 2 | @aCN@bNLC@c20040427 |
| 905 | @f2@b110608-609@dF123.36@e33 | |
| 实现四化宏伟目标的行动纲领:学习赵紫阳总理《关天第六个五年计划的报告》/袁木著.-北京:北京出版社,1983 |
| 141页;19cm |
| ISBN :CNY0.33 |
| ● |
| 相关链接 |
|
|
|
|
正题名:实现四化宏伟目标的行动纲领
索取号:F123.36/33
 
预约/预借
| 序号 | 登录号 | 条形码 | 馆藏地/架位号 | 状态 | 备注 |
| 1 | 0110608 | 000196193 | 密集书库/ [索取号:F123.36/33] | 在馆 | |
| 2 | 0110609 | 000196157 | 密集书库/ [索取号:F123.36/33] | 在馆 | |
| 3 | 0110610 | 000196237 | 第一样本阅览室/ [索取号:F123.36/33] | 在馆 |